Name the bears! - Statistics

General Stats
  • This quiz has been taken 36 times
  • The average score is 6 of 8
Answer Stats
Hint Answer % Correct
While most bears are omnivores, this Northern species is a hypercarnivore, having a diet made up of over 90% meat Polar bear
100%
Found across Europe, Asia and North America, this bear has many subspecies such as the Eurasian, Himalayan and Kodiak bears Brown bear
96%
This iconic Asian bear has a bony "thumb" for grasping food Giant panda
84%
Despite being the smallest bear, this species from South-East Asia has the longest tongue of any bear Sun bear
80%
This Asian relative of the above species is sometimes known as the moon bear due to its white or cream-coloured chest marking Asian black bear
64%
This South Asian bear has the longest tail of any bear and has a shaggy, unkempt appearance Sloth bear
60%
The population of this North American species is estimated to be twice that of all other bears combined American black bear
56%
The only bear species native to South America. The British children's character Paddington is a member of this species Spectacled bear
56%
No matching quizzes found
Score Distribution
Percent of People with Each Score
Percentile by Number Answered
Your Score History
You have not taken this quiz